000 00303nam a2200121Ia 4500
008 190216s9999||||xx |||||||||||||| ||und||
100 _aTomswan
245 0 _aMastering Turbo Pascal
260 _bBpb Publications
_c1987
300 _a450p
650 _a"Computer Programming. Programs, Data"
942 _cBK
999 _c8451
_d8451